选出以下城市中距离北京500公里以内的城市 地雷模式 Cities within 500km of Beijing - Statistics

General Stats
  • This quiz has been taken 183 times
  • The average score is 8 of 30
Answers on the Grid
Answers color-coded by a green-red scale on the quiz's grid according to % correct below.
丰镇
临汾
乌兰察布
二连浩特
保定
凌海
包头
原平
古交
呼和浩特
商丘
大同
大连
太原
彬州
德州
承德
朔州
林州
武安
沈阳
济南
淄博
深州
滕州
潍坊
濮阳
石家庄
秦皇岛
聊城
舞钢
衡水
迁安
沙河
邯郸
郑州
郴州
锡林浩特
锦州
长垣
青岛
青州
鞍山
高平
 
Answer Stats
Answer % Correct
保定
60%
石家庄
52%
大同
50%
承德
50%
乌兰察布
45%
秦皇岛
45%
衡水
42%
丰镇
41%
太原
40%
邯郸
33%
德州
32%
呼和浩特
30%
济南
28%
大连
26%
朔州
25%
迁安
25%
武安
24%
深州
23%
原平
20%
聊城
18%
沙河
18%
锦州
17%
古交
16%
淄博
15%
林州
12%
濮阳
12%
锡林浩特
12%
潍坊
10%
凌海
6%
青州
4%
No matching quizzes found
Score Distribution
Percent of People with Each Score
Percentile by Number Answered
Your Score History
You have not taken this quiz